| 000 | 00580cam a2200181 4500 | ||
|---|---|---|---|
| 001 | 6349 | ||
| 010 | _a 86030448 | ||
| 020 | _a9780099771111 | ||
| 100 | 1 | _aMatthiessen, Peter. | |
| 245 | 1 | 4 |
_aThe snow leopard / _cPeter Matthiessen. |
| 260 |
_aLondon : _bVintage, _cc1978, 2010. |
||
| 300 |
_a312 p. : _bmaps ; _c20 cm. |
||
| 500 | _a""Elisabeth Sifton books."" | ||
| 650 | 0 |
_aAuthors, American _y20th century _xBiography. |
|
| 650 | 0 |
_aBiologists _zUnited States _xBiography. |
|
| 650 | 0 |
_aNatural history _zHimalaya Mountains. |
|
| 651 | 0 |
_aHimalaya Mountains _xDescription and travel. |
|
| 999 |
_c5353 _d5353 |
||